| 000 | 00344nam a22001457a 4500 | ||
|---|---|---|---|
| 003 | SGT | ||
| 020 | _a978-93-272-8951-0 | ||
| 082 |
_a338.16 _bRED |
||
| 100 | _aREDDY, S.R. | ||
| 245 | _aRAINFED AGRICULTURE AND WATERSHED MANAGEMENT | ||
| 260 |
_aDELHI _bKALYANI _c2022 |
||
| 300 | _a135 | ||
| 650 | _aRAINFED AGRICULTURE | ||
| 942 |
_2ddc _cBK |
||
| 999 |
_c25699 _d25699 |
||